| 000 | 00659nam a22001817a 4500 | ||
|---|---|---|---|
| 005 | 20250213161609.0 | ||
| 010 | _aENG-143718 | ||
| 020 |
_a9788190705257 _c190.00 |
||
| 035 | _aEN-127250 | ||
| 037 | _bDBAD | ||
| 082 | _a543.089 | ||
| 100 |
_aJonnalagadda, Vidyā _977566 |
||
| 245 |
_aBiotechnology/ _cBy Vidyā Jonnalagadda; P. Nāgapadma [and] K. Anurādhā |
||
| 260 |
_aAndhra Pradesh _bMaruthi Publications |
||
| 270 |
_bAndhra Pradesh _e522001 _a9-4-95, Maruthi Manikanta Nilayam, 3rd Lane, Railpet, Gunter _mcontact@maruthipublications.com _k2224032 _l91 863 2220566 |
||
| 300 |
_avpp. _c21cm(pb) |
||
| 942 |
_2ddc _cEN _h543.089 _mJON |
||
| 999 |
_c209035 _d209035 |
||